| 000 | 00924nam a2200277 i 4500 | ||
|---|---|---|---|
| 001 | 6214 | ||
| 003 | ES-MaACL | ||
| 005 | 20250407063057.0 | ||
| 007 | t| | ||
| 008 | 890829s1989 sp ||||1| spa d | ||
| 020 | _a84-7658-129-7 | ||
| 080 | _a1 Heidegger | ||
| 100 | 1 |
_aPeñalver, Patricio, _d1951- _990308 |
|
| 245 | 1 | 0 |
_aDel espiritu al tiempo _b: lecturas del El Ser y el Tiempo de Heidegger / _cPatricio Peñalver. |
| 250 | _a1a ed. | ||
| 260 |
_aBarcelona : _bAnthropos, _c1989. |
||
| 300 |
_a271 p. ; _c20 cm. |
||
| 490 | 1 |
_aAutores, textos y temas. Filosofía ; _v19 |
|
| 504 | _aBibliogr.: p. 261-269. | ||
| 600 | 1 | 4 |
_aHeidegger, Martin- _xCrítica e interpretación. _962339 |
| 650 |
_aOntología. _915705 |
||
| 650 | 1 | 4 |
_aEspacio y tiempo. _912462 |
| 830 | 0 |
_aAutores, textos y temas. Filosofía ; _v19 _9177263 |
|
| 852 |
_aES-MaACL _jL-13278 _bR.116325 _z. - rust. |
||
| 999 |
_c6214 _d6214 |
||